| 000 | 00693nam a2200253 i 4500 | ||
|---|---|---|---|
| 001 | bg | ||
| 100 | 1 | _aPoślad, Mariusz. | |
| 245 | 1 | 0 |
_aJak czytać prospekt emisyjny / _cMariusz Poślad. |
| 260 |
_aWarszawa : _bKomisja Papierów Wartościowych i Giełd, _c2005. |
||
| 300 |
_a36 s. : _bil. kolor. ; _c21 cm. |
||
| 490 | 1 | _aPoradnik Inwestora. | |
| 521 | 8 | _aDo celów edukacyjnych. | |
| 650 | 4 | _aEmisja papierów wartościowych | |
| 655 | _aPoradniki | ||
| 830 | 0 | _aPoradnik Inwestora. | |
| 020 | _a838689721X | ||
| 040 | _cBPK | ||
| 041 | 0 | _apol | |
| 044 | _aPOL | ||
| 080 | _a336.763 | ||
| 920 | _a83-86897-21-X | ||
| 942 | _cKS | ||
| 008 | 100825s2005 pl |000 0 pol | ||
| 999 |
_c49576 _d49576 |
||
| 856 |
_uhttp://koha.tu.koszalin.pl/cgi-bin/koha/opac-detail.pl?biblionumber=49576 _yKatalog online BPK |
||